| 000 | 00500nam a2200157 4500 | ||
|---|---|---|---|
| 001 | 140480 | ||
| 003 | ES-MaACL | ||
| 007 | t| | ||
| 008 | 070214s1973 sp r ||||1| spa d | ||
| 100 | 1 |
_aSchwoch, Werner. _9104918 |
|
| 245 | 1 | 0 |
_aManual del automóvil _b: el motor / _cWerner Schwoch ; traducción de José Conesa Rodríguez. |
| 260 |
_aBarcelona : _bReverté, _c1973. |
||
| 300 |
_a299 p. : _bil. ; _c24 cm. |
||
| 700 | 1 |
_aConesa Rodríguez, José. _940167 |
|
| 852 |
_aES-MaACL _jE-7645 _bR.91694 |
||
| 999 |
_c140480 _d140480 |
||